|
|
|
|
| LEADER |
01080nam a2200253 a 4500 |
| 001 |
IT\ICCU\CAG\1575303 |
| 003 |
GR-PaULI |
| 005 |
20180614100301.0 |
| 008 |
080725s1999 xxk f| ||||| |eng|d |
| 020 |
|
|
|a 1850758247
|
| 040 |
|
|
|a GR-PaULI
|b gre
|c GR-PaULI
|d GR-AiPI
|e AACR2
|
| 082 |
0 |
4 |
|a 938.01
|2 23
|
| 245 |
1 |
0 |
|a Neolithic society in Greece /
|c edited by Paul Halstead.
|
| 260 |
|
|
|a Sheffield :
|b Scheffield Academic Press,
|c 1999.
|
| 300 |
|
|
|a 163 σ. :
|b εικ. ;
|c 25 εκ.
|
| 490 |
1 |
|
|a Sheffield studies in Aegean archaeology ;
|v 2
|
| 504 |
|
|
|6 Περιλαμβάνει βιβλιογραφικές αναφορές.
|
| 650 |
|
4 |
|9 8495
|a Νεολιθική περίοδος
|z Ελλάδα
|
| 700 |
1 |
|
|a Halstead, Paul
|9 169454
|e επιμελητής
|
| 830 |
|
0 |
|a Sheffield studies in Aegean archaeology
|v 2
|9 169455
|
| 942 |
|
|
|2 ddc
|c BK15
|
| 952 |
|
|
|0 0
|1 0
|2 ddc
|4 0
|6 938_010000000000000_NEO
|7 0
|9 223020
|a LISA
|b LISA
|c BSC
|d 2018-06-12
|i 14058
|l 0
|o 938.01 NEO
|p 026000279583
|r 2018-06-12 00:00:00
|t 1
|w 2018-06-12
|y BK15
|
| 998 |
|
|
|c ΜΙΧΟΣΤΑΥΡΟΥ
|d 2018-06
|
| 999 |
|
|
|c 134793
|d 134793
|